| 000 -LEADER |
| fixed length control field |
00696nam a22001697a 4500 |
| 005 - DATE AND TIME OF LATEST TRANSACTION |
| control field |
20200218121603.0 |
| 008 - FIXED-LENGTH DATA ELEMENTS--GENERAL INFORMATION |
| fixed length control field |
200218s2019ru xxu||||| |||| 00| 0 rus d |
| 041 ## - LANGUAGE CODE |
| Language code of text/sound track or separate title |
rus |
| 245 ## - TITLE STATEMENT |
| Title |
Вестник Древней истории : |
| Remainder of title |
2019 №2 том 79 : / |
| Statement of responsibility, etc. |
Гл. ред. А.И.Иванчук и др |
| 260 ## - PUBLICATION, DISTRIBUTION, ETC. |
| Place of publication, distribution, etc. |
Москва ; |
| Date of publication, distribution, etc. |
2019ч |
| 300 ## - PHYSICAL DESCRIPTION |
| Extent |
V. |
| 653 ## - INDEX TERM--UNCONTROLLED |
| Uncontrolled term |
პერიოდიკა |
| 653 ## - INDEX TERM--UNCONTROLLED |
| Uncontrolled term |
ისტორია |
| 700 ## - ADDED ENTRY--PERSONAL NAME |
| Personal name |
Иванчик А.И |
| Relator term |
მთავარი რედაქტორი |
| 9 (RLIN) |
7133 |
| 710 ## - ADDED ENTRY--CORPORATE NAME |
| Relator term |
Российская академия наук отделение историко-филологических наук |
| 9 (RLIN) |
7134 |
| 942 ## - ADDED ENTRY ELEMENTS (KOHA) |
| Source of classification or shelving scheme |
|
| Koha item type |
პერიოდიკა |